header

I survived the Hindenburg disaster, 1937 / (Record no. 264221)

MARC details
000 -LEADER
fixed length control field 00601nam a22001937a 4500
003 - CONTROL NUMBER IDENTIFIER
control field OSt
005 - DATE AND TIME OF LATEST TRANSACTION
control field 20240806130153.0
008 - FIXED-LENGTH DATA ELEMENTS--GENERAL INFORMATION
fixed length control field 240806b xxu||||| |||| 00| 0 eng d
010 ## - LIBRARY OF CONGRESS CONTROL NUMBER
LC control number 2016286196
020 ## - INTERNATIONAL STANDARD BOOK NUMBER
International Standard Book Number 9780545658508
040 ## - CATALOGING SOURCE
Transcribing agency DLC
050 ## - LIBRARY OF CONGRESS CALL NUMBER
Classification number PZ7
Item number .T211115 2016
100 ## - MAIN ENTRY--PERSONAL NAME
Personal name Tarshis, Lauren,
Relator term author.
245 ## - TITLE STATEMENT
Title I survived the Hindenburg disaster, 1937 /
Statement of responsibility, etc by Lauren Tarshis ; illustrated by Scott Dawson.
246 ## - VARYING FORM OF TITLE
Title proper/short title Hindenburg disaster, 1937
260 ## - PUBLICATION, DISTRIBUTION, ETC. (IMPRINT)
Place of publication, distribution, etc New York, NY :
Name of publisher, distributor, etc Scholastic,
Date of publication, distribution, etc 2016.
300 ## - PHYSICAL DESCRIPTION
Extent 91 pages :
Other physical details illustrations ;
Dimensions 22 cm.
942 ## - ADDED ENTRY ELEMENTS (KOHA)
Source of classification or shelving scheme Library of Congress Classification
Koha item type Long Loan Books

No items available.

© 2026 Rongo University
Contact us: librarian | system librarian | Rongo university